| 000 | 00524nam a2200169 a 4500 | ||
|---|---|---|---|
| 005 | 20140310183553.0 | ||
| 008 | 111015s19uu xx 00 eng d | ||
| 020 | _a9781415112147 | ||
| 050 |
_aP 142 _b.L23 2010 |
||
| 100 | _aLabov, William | ||
| 245 |
_aPrinciples of linguistic change : _bvolume 3 cognitive and cultural factors / _cWilliam Labov. |
||
| 260 |
_aUnited Kingdom : _bWiley-Blakwell, _c2010. |
||
| 300 |
_a419 p. : _bill. ; _c23 cm. |
||
| 650 | _aEnglish language | ||
| 942 |
_cBK _2lcc _kFOR |
||
| 999 |
_c24985 _d24985 |
||